[Event "Wch U12"]
[Site "Oropesa del Mar"]
[Date "2000.10.22"]
[Round "10"]
[White "Iotov, Valentine"]
[Black "Noroozi, Omid"]
[Result "1-0"]
[WhiteElo "2087"]
[BlackElo "2157"]
[PlyCount "49"]
[EventDate "2000.10.11"]
[Source "www.chesslib.no"]
[SourceDate "2004.05.04"]

1. d4 Nf6 2. c4 g6 3. Nc3 Bg7 4. Nf3 O-O 5. Bg5 d6 6. e4 c5 7. Be2 b6 8. O-O Bb7 9. Qc2 Nbd7 10. Rfd1 Rc8 11. d5 Qc7 12. h3 Rfe8 13. Bf4 a6 14. a4 h6 15. Bh2 e6 16. dxe6 Rxe6 17. Qd2 Bf8 18. Nd5 Nxd5 19. cxd5 Ree8 20. Bc4 Nf6 21. Qe2 Rcd8 22. Qd3 Re7 23. Rac1 b5 24. axb5 axb5 25. Bxb5 1-0

[Event "Corr"]
[Site "?"]
[Date "1999.08.26"]
[Round "?"]
[White "Hughes David M"]
[Black "Manoukyan Artak"]
[Result "1-0"]
[WhiteElo "2012"]
[BlackElo "2227"]
[PlyCount "137"]
[EventDate "1999.??.??"]
[Source "www.chesslib.no"]
[SourceDate "2004.05.04"]

1. d4 Nf6 2. c4 g6 3. Nc3 Bg7 4. e4 d6 5. Nf3 O-O 6. Bg5 Na6 7. Be2 h6 8. Bxf6 Bxf6 9. Qd2 Bg7 10. O-O c5 11. Rad1 b6 12. dxc5 Nxc5 13. e5 Bb7 14. Qe3 Re8 15. Rfe1 Ne6 16. b4 Qb8 17. exd6 exd6 18. Qd2 Nf4 19. Nd5 Nxd5 20. cxd5 Qc7 21. Nd4 a6 22. Rc1 Qd8 23. Nc6 Qh4 24. Rc4 Qf6 25. Rec1 Rac8 26. a4 Rc7 27. R4c2 Qf5 28. Qd1 Qg5 29. g3 Re4 30. Qd3 Re8 31. f4 Qf6 32. Bg4 h5 33. Bh3 h4 34. Qd2 Bxc6 35. dxc6 Re4 36. Bg2 Rd4 37. Qe1 Bf8 38. a5 b5 39. Qe8 Rxb4 40. Qb8 Rb2 41. Qb6 Rxc2 42. Rxc2 Qf5 43. Re2 Qc8 44. Re3 hxg3 45. hxg3 Bg7 46. Rd3 Bf8 47. Bh3 f5 48. Bg2 Kg7 49. Re3 Kh7 50. Bd5 Be7 51. Be6 Qd8 52. Qxa6 d5 53. Qxb5 Qa8 54. Rc3 Bf6 55. Qb6 Bxc3 56. Qxc7+ Kh6 57. Qe7 Bxa5 58. Bf7 Qd8 59. Qe6 Qb6+ 60. Kg2 Qb2+ 61. Kh3 Qg7 62. Qe7 Kh7 63. c7 Bxc7 64. Qxc7 d4 65. Kg2 d3 66. Kf3 Qa1 67. Bd5+ Kh6 68. Qe5 Qf1+ 69. Ke3 1-0

[Event "Manresa op"]
[Site "?"]
[Date "1993.??.??"]
[Round "?"]
[White "Pujol R"]
[Black "Cabot J"]
[Result "0-1"]
[WhiteElo "2160"]
[BlackElo "2075"]
[PlyCount "124"]
[EventDate "1993.??.??"]
[Source "www.chesslib.no"]
[SourceDate "2004.05.04"]

1. d4 Nf6 2. Nf3 g6 3. c4 Bg7 4. Nc3 O-O 5. Bg5 d6 6. e4 h6 7. Bf4 c6 8. Qd2 Kh7 9. Be2 Bg4 10. h3 Bxf3 11. Bxf3 Nbd7 12. O-O-O e5 13. dxe5 dxe5 14. Be3 Qa5 15. Kb1 b5 16. cxb5 cxb5 17. g4 Nb6 18. h4 Nc4 19. Qe2 Rfc8 20. g5 Ng8 21. Bc1 Rab8 22. Rd7 b4 23. Nd5 Na3+ 24. bxa3 bxa3+ 25. Ka1 Qa4 26. Bxa3 Qxd7 27. Bg4 Qa4 28. Bxc8 Qxa3 29. Ba6 Bf8 30. Rb1 Rxb1+ 31. Kxb1 Bc5 32. Bc4 Bd4 33. Bb3 a5 34. Qc2 Ne7 35. Nf6+ Kg7 36. Ng4 h5 37. Ne3 Qb4 38. a4 Nc6 39. Qc4 Qxc4 40. Bxc4 Nb4 41. Kc1 f6 42. Kd2 fxg5 43. hxg5 Bc5 44. Bb5 Be7 45. Nc4 Bxg5+ 46. Ke2 Bd8 47. Nxe5 Kf6 48. f4 Bc7 49. Nd7+ Ke7 50. Kf3 Nc2 51. Nc5 Nd4+ 52. Ke3 Nxb5 53. axb5 Bb6 54. Kd4 a4 55. Kd5 a3 56. Na4 a2 57. Nxb6 a1=Q 58. Nc4 Qh8 59. Na5 Qd8+ 60. Kc6 Qxa5 61. b6 Qa4+ 62. Kc7 Qc4+ 0-1

[Event "La Pineda"]
[Site "?"]
[Date "2004.11.03"]
[Round "1"]
[White "Eros Pal"]
[Black "Vulin Milorad"]
[Result "1/2-1/2"]
[WhiteElo "2087"]
[BlackElo "2135"]
[PlyCount "81"]
[EventDate "2004.??.??"]
[Source "www.chesslib.no"]
[SourceDate "2004.05.04"]

1. d4 Nf6 2. c4 g6 3. Nc3 Bg7 4. e4 d6 5. Nf3 O-O 6. Bg5 c5 7. d5 b5 8. cxb5 a6 9. bxa6 Qa5 10. Qd2 Bxa6 11. Bxa6 Qxa6 12. Qe2 Qxe2+ 13. Kxe2 Nbd7 14. Rab1 Rfb8 15. Rhc1 h6 16. Bd2 Rb4 17. a3 Rb3 18. Be1 Rab8 19. Rc2 Ng4 20. h3 Ngf6 21. Nd2 R3b7 22. b3 Ne8 23. a4 Nc7 24. Na2 Na6 25. f4 f5 26. Bh4 Kf7 27. Kf3 fxe4+ 28. Kxe4 g5 29. fxg5 hxg5 30. Bxg5 Kg6 31. h4 Bf6 32. Rf1 Bxg5 33. hxg5 Kxg5 34. Rf5+ Kg6 35. Kf4 Nf6 36. Rg5+ Kf7 37. Rc4 Rg8 38. Rxg8 Nxd5+ 39. Kg5 Kxg8 40. Nc3 Nxc3 41. Rxc3 1/2-1/2

[Event "Corr"]
[Site "?"]
[Date "1999.04.25"]
[Round "?"]
[White "Burrell Edward"]
[Black "Futida Souitiro"]
[Result "1/2-1/2"]
[WhiteElo "2218"]
[BlackElo "2002"]
[PlyCount "116"]
[EventDate "1999.??.??"]
[Source "www.chesslib.no"]
[SourceDate "2004.05.04"]

1. d4 Nf6 2. c4 g6 3. Nc3 Bg7 4. Nf3 d6 5. Bg5 O-O 6. e4 h6 7. Bf4 Nbd7 8. e5 dxe5 9. dxe5 Nh5 10. Bd2 Nxe5 11. Nxe5 Bxe5 12. Qf3 Bg7 13. Rd1 Bd7 14. Qxb7 Rb8 15. Qxa7 Rxb2 16. Qa3 Rb6 17. Be2 Nf6 18. O-O Qa8 19. Qc1 Bc6 20. f3 Kh7 21. Be3 Rb7 22. Rfe1 Rfb8 23. Bd4 Nd7 24. Kh1 e5 25. Bf2 Bf8 26. Rd3 Bb4 27. Be3 Qa5 28. Bd2 Nc5 29. Re3 f6 30. f4 e4 31. f5 g5 32. Qd1 Rd8 33. Bf1 Bxc3 34. Bxc3 Rxd1 35. Bxa5 Rxe1 36. Bxe1 Rb2 37. Re2 Rb7 38. a3 Nd3 39. Bg3 Ra7 40. Kg1 h5 41. h4 Rxa3 42. Re3 Rc3 43. hxg5 fxg5 44. Bxc7 Rxc4 45. Bxd3 exd3 46. Rxd3 Rc1+ 47. Kf2 Rc5 48. g4 hxg4 49. Re3 Rxf5+ 50. Kg3 Bf3 51. Re5 Rf7 52. Bd8 Rf8 53. Bxg5 Ra8 54. Re6 Ra2 55. Bf4 Rg2+ 56. Kh4 Kg7 57. Kg5 Kf7 58. Kf5 Ra2 1/2-1/2

[Event "Bled ol (Men)"]
[Site "?"]
[Date "2002.11.07"]
[Round "12"]
[White "Nakapunda Otto"]
[Black "Li Ying Patrick"]
[Result "1/2-1/2"]
[WhiteElo "2141"]
[BlackElo "2071"]
[PlyCount "92"]
[EventDate "2002.??.??"]
[Source "www.chesslib.no"]
[SourceDate "2004.05.04"]

1. d4 Nf6 2. c4 g6 3. Nf3 Bg7 4. Nc3 O-O 5. e4 d6 6. Bg5 h6 7. Be3 e5 8. dxe5 dxe5 9. Qc2 Nbd7 10. Be2 Ng4 11. Bd2 c6 12. h3 Ngf6 13. Be3 Qe7 14. Rd1 Kh7 15. O-O Nh5 16. g3 Nc5 17. Kg2 Ne6 18. Qc1 b6 19. Rd3 Ba6 20. Rd2 Rad8 21. Rfd1 Rxd2 22. Rxd2 Rd8 23. Qd1 Rxd2 24. Qxd2 Bc8 25. a3 Nd4 26. Nxd4 exd4 27. Bxd4 Qd7 28. Be3 Qxh3+ 29. Kg1 Nxg3 30. fxg3 Qxg3+ 31. Kh1 Qh3+ 32. Kg1 Be5 33. Bf4 Bf6 34. Qe3 Qh4 35. Bg3 Qh3 36. Bf2 Qd7 37. Qf4 Bg5 38. Qf3 Qe7 39. Bd3 Be6 40. Qe2 Bf4 41. Qf3 Qg5+ 42. Qg2 Qd8 43. Qf3 Qg5+ 44. Kf1 Be5 45. Be3 Qh4 46. Bf2 Qg5 1/2-1/2

[Event "Espagne (championnat veterans)"]
[Site "?"]
[Date "2003.12.07"]
[Round "7.3"]
[White "Planas Ferret Rossen"]
[Black "Mimbrero Cuello Diego"]
[Result "1-0"]
[WhiteElo "2265"]
[BlackElo "1943"]
[PlyCount "81"]
[EventDate "2003.??.??"]
[Source "www.chesslib.no"]
[SourceDate "2004.05.04"]

1. d4 d6 2. Nf3 Nf6 3. c4 g6 4. Nc3 Bg7 5. e4 O-O 6. Bg5 c6 7. Qd2 Qc7 8. Be2 e5 9. O-O Re8 10. d5 a6 11. Rfd1 c5 12. a3 Nbd7 13. Ne1 Nf8 14. b4 b6 15. Rab1 Bg4 16. f3 Bd7 17. Be3 Rec8 18. Rb3 Ne8 19. Rdb1 Rcb8 20. Qb2 b5 21. bxc5 dxc5 22. cxb5 c4 23. b6 Qb7 24. Bxc4 Nd6 25. Be2 f5 26. Bc5 Nf7 27. Nd3 Rc8 28. Be3 f4 29. Bf2 Nd6 30. Nc5 Rxc5 31. Bxc5 Nf7 32. a4 Rc8 33. Bf2 g5 34. a5 Ng6 35. Na2 g4 36. Rc3 gxf3 37. gxf3 Rxc3 38. Qxc3 Qb8 39. Qc7 Qe8 40. b7 Qe7 41. b8=Q+ 1-0

[Event "SVK-chT1W 9798"]
[Site "SVK"]
[Date "1997.??.??"]
[Round "?"]
[White "Kuna, Vladimir"]
[Black "Rakay, Kvetoslav"]
[Result "0-1"]
[WhiteElo "2025"]
[BlackElo "2165"]
[PlyCount "102"]
[EventDate "1998.??.??"]
[Source "www.chesslib.no"]
[SourceDate "2004.05.04"]

1. d4 Nf6 2. Nf3 g6 3. c4 Bg7 4. Nc3 O-O 5. Bg5 d6 6. e4 c5 7. d5 Qa5 8. Nd2 a6 9. Bd3 e6 10. O-O Nbd7 11. Bf4 e5 12. Bg5 h6 13. Bh4 Nh5 14. Rc1 Nf4 15. Nb3 Qc7 16. Bb1 Rb8 17. a4 Nb6 18. Nd2 Qd7 19. Bg3 Qe7 20. Re1 Bd7 21. b3 Na8 22. Qf3 Nh5 23. Ne2 b5 24. axb5 axb5 25. Qd3 Nc7 26. f4 Nxg3 27. hxg3 Ra8 28. Nf3 Ra3 29. fxe5 Bxe5 30. Qd2 Kg7 31. Nxe5 Qxe5 32. Bc2 bxc4 33. bxc4 g5 34. Rf1 Ne8 35. Rf3 Ra2 36. Qc3 Qxc3 37. Nxc3 Rb2 38. Nd1 Rb4 39. Ne3 Nf6 40. Kf2 Rb2 41. Nd1 Ng4+ 42. Kg1 Rb4 43. Rc3 Ra8 44. Nf2 Nxf2 45. Kxf2 Ra2 46. Ke3 Rbb2 47. Kd3 f5 48. Ke3 Ba4 49. Bd3 Rxg2 50. exf5 Rxg3+ 51. Ke4 Rf2 0-1

[Event "Barcelona op rap"]
[Site "?"]
[Date "1996.12.14"]
[Round "2"]
[White "Morales Jodar Ramon"]
[Black "Asensio Lisan Teodoro"]
[Result "0-1"]
[WhiteElo "1985"]
[BlackElo "2195"]
[PlyCount "64"]
[EventDate "1996.??.??"]
[Source "www.chesslib.no"]
[SourceDate "2004.05.04"]

1. d4 Nf6 2. c4 g6 3. Nc3 Bg7 4. e4 d6 5. Nf3 O-O 6. Bg5 h6 7. Bf4 Nc6 8. Qd2 Kh7 9. a3 Nxd4 10. Qxd4 e5 11. Bxe5 dxe5 12. Qxd8 Rxd8 13. Be2 c6 14. h3 Be6 15. g4 a5 16. g5 Nh5 17. gxh6 Bxh6 18. Nxe5 Bd2+ 19. Kf1 Nf4 20. Bg4 Rd4 21. Bxe6 Nxe6 22. Nf3 Bxc3 23. bxc3 Rxc4 24. Rd1 Rd8 25. Ng5+ Kg8 26. Rxd8+ Nxd8 27. Kg2 Kf8 28. Rd1 Ke7 29. e5 Rxc3 30. a4 Ne6 31. Ne4 Nf4+ 32. Kg1 Rc1 0-1